[Event "SERBIA OPEN 2023 - MASTERS"]
[Site "Belgrade,Metropol Palace hotel"]
[Date "2023.07.20"]
[Round "5.46"]
[White "Avinash, Ramesh"]
[Black "Vershinin, Igor"]
[Result "1-0"]
[WhiteElo "2271"]
[BlackElo "2027"]
[PlyCount "71"]
[EventDate "2023.07.16"]

1. e4 c5 2. Nf3 Nc6 3. Bb5 g6 4. Bxc6 dxc6 5. d3 Bg7 6. h3 e5 7. O-O Qe7 8. a4 a5 9. Nbd2 Nf6 10. Nc4 Nd7 11. Bg5 Qe6 12. Bd2 b6 13. Ng5 Qe7 14. f4 f6 15. Nf3 Ba6 16. b3 Bxc4 17. bxc4 exf4 18. Bxf4 O-O 19. Rb1 Ra7 20. Qd2 Rb7 21. Rfe1 Ne5 22. Nxe5 fxe5 23. Be3 Rbb8 24. Rb3 Bf6 25. Reb1 Qa7 26. Qc3 Bh4 27. Qxe5 Qf7 28. Rxb6 Rbe8 29. Qxc5 Bg3 30. Qxc6 Bf2+ 31. Bxf2 Qxf2+ 32. Kh1 Re5 33. Rb7 Rg5 34. Rg1 Rxg2 35. Qe6+ Kh8 36. Qe5+ 1-0

[Event "SERBIA OPEN 2023 - MASTERS"]
[Site "Belgrade,Metropol Palace hotel"]
[Date "2023.07.20"]
[Round "5.47"]
[White "Ostojic, Katarina"]
[Black "Babakekhyan, Artem"]
[Result "0-1"]
[WhiteElo "2009"]
[BlackElo "2264"]
[PlyCount "132"]
[EventDate "2023.07.16"]

1. e4 c6 2. d4 d5 3. Nc3 dxe4 4. Nxe4 Nf6 5. Nxf6+ exf6 6. c3 Bd6 7. Bd3 O-O 8. Qc2 Re8+ 9. Ne2 h5 10. h3 h4 11. Bd2 Nd7 12. O-O Nf8 13. Rae1 g6 14. f4 f5 15. c4 Nh7 16. Nc3 Nf6 17. Rxe8+ Qxe8 18. Qd1 Nh5 19. Qf3 Qd8 20. Qf2 Be6 21. Ne2 Be7 22. Bc3 Qb6 23. Rd1 a5 24. Qf3 a4 25. Kh2 Rd8 26. Rb1 Bf6 27. b3 axb3 28. axb3 Bg7 29. Qf2 Ng3 30. Nxg3 hxg3+ 31. Qxg3 Bxd4 32. Bxd4 Rxd4 33. Re1 Kg7 34. Qe3 Qd8 35. Bc2 Qd6 36. g3 b5 37. cxb5 cxb5 38. h4 Qc5 39. Re2 Rd5 40. Qxc5 Rxc5 41. b4 Rc3 42. Bd1 Rc1 43. Rd2 Rb1 44. Rd4 Bc4 45. Kh3 Rxb4 46. Be2 Ra4 47. Bxc4 Rxc4 48. Rd5 b4 49. Rb5 Kf6 50. h5 gxh5 51. Rb6+ Ke7 52. Kh4 Kd7 53. Kxh5 Kc7 54. Rb5 Kc6 55. Rb8 Kc5 56. Rb7 Kd4 57. Rxf7 b3 58. Rb7 Kc3 59. Rxb3+ Kxb3 60. Kg5 Rc5 61. g4 fxg4+ 62. Kxg4 Kc4 63. f5 Kd5 64. Kg5 Ke5 65. f6 Ke6+ 66. Kg6 Rf5 0-1

[Event "SERBIA OPEN 2023 - MASTERS"]
[Site "Belgrade,Metropol Palace hotel"]
[Date "2023.07.20"]
[Round "5.48"]
[White "Tenuunbold, Battulga"]
[Black "Zhukov, Anton"]
[Result "0-1"]
[WhiteElo "2002"]
[BlackElo "2215"]
[PlyCount "118"]
[EventDate "2023.07.16"]

1. d4 Nf6 2. c4 c5 3. d5 b5 4. cxb5 a6 5. bxa6 g6 6. Nc3 Bg7 7. Nf3 O-O 8. e4 Qa5 9. Bd2 Bxa6 10. Bxa6 Qxa6 11. Qe2 d6 12. a4 Qxe2+ 13. Kxe2 Na6 14. Rhc1 Rfb8 15. Rab1 Rb4 16. e5 dxe5 17. Nxe5 Ne4 18. Nf3 Rab8 19. Nxe4 Rxe4+ 20. Kd3 Rxa4 21. Ra1 Nb4+ 22. Bxb4 Raxb4 23. Rxc5 Rb3+ 24. Ke2 Rxb2+ 25. Ke1 Rxf2 26. Kxf2 Bxa1 27. Rc7 Bf6 28. g4 Rb2+ 29. Ke3 Rb3+ 30. Ke2 h6 31. Rc6 Rb2+ 32. Ke3 Rg2 33. d6 exd6 34. Rxd6 Kg7 35. Kf4 Be7 36. Rc6 Bf6 37. h3 Bb2 38. h4 Ba3 39. h5 g5+ 40. Kf5 Rg3 41. Rc3 Be7 42. Rb3 Bf6 43. Rd3 Rh3 44. Re3 Rg3 45. Rd3 Bb2 46. Rb3 Rg2 47. Rd3 Re2 48. Rd2 Re3 49. Nd4 Bc3 50. Rd1 Bb2 51. Rd2 Ba1 52. Rd1 Bc3 53. Nc6 Re6 54. Nd4 Rd6 55. Ke4 Bxd4 56. Rxd4 Rxd4+ 57. Kxd4 Kf6 58. Kd5 Ke7 59. Ke5 f6+ 0-1

[Event "SERBIA OPEN 2023 - MASTERS"]
[Site "Belgrade,Metropol Palace hotel"]
[Date "2023.07.20"]
[Round "5.49"]
[White "Li, Xueyi"]
[Black "Sunyuktha, C M N."]
[Result "1-0"]
[WhiteElo "2248"]
[BlackElo "1945"]
[PlyCount "107"]
[EventDate "2023.07.16"]

1. d4 d5 2. Nf3 Nf6 3. g3 e6 4. Bg2 b5 5. O-O Be7 6. a4 b4 7. c4 bxc3 8. Nxc3 O-O 9. Ne5 c6 10. a5 Nfd7 11. Nd3 Bf6 12. Qa4 Ba6 13. Nb4 Bc4 14. Rd1 c5 15. dxc5 Nxc5 16. Qa3 Nbd7 17. Bf4 Nb3 18. Nc6 Qc8 19. Qd6 Nxa1 20. Rxa1 Re8 21. Bh3 Nf8 22. e4 dxe4 23. Nxe4 Qd7 24. Nxf6+ gxf6 25. Qc5 Bd5 26. Nb4 Ng6 27. Nxd5 Qxd5 28. Qxd5 exd5 29. Be3 Re7 30. Bg2 Rd8 31. Bd4 Kg7 32. f4 Rc8 33. Bc3 Nf8 34. Rd1 Ne6 35. Rxd5 Rc5 36. Rd6 Kg6 37. Be4+ f5 38. Bd3 h5 39. Bd2 Rec7 40. b4 R5c6 41. Rd5 a6 42. Rxf5 Kg7 43. Rd5 Rb7 44. f5 Nf8 45. Be4 Re7 46. Bf3 Nh7 47. Rd3 Rc2 48. Bd1 Rcc7 49. Bf4 Rb7 50. Bd6 Red7 51. Bf3 Ra7 52. Bc6 Nf6 53. Bxd7 Rxd7 54. Rd4 1-0

[Event "SERBIA OPEN 2023 - MASTERS"]
[Site "Belgrade,Metropol Palace hotel"]
[Date "2023.07.20"]
[Round "5.50"]
[White "Toncheva, Nadya"]
[Black "Tolstykh, Viktor"]
[Result "0-1"]
[WhiteElo "2263"]
[BlackElo "1845"]
[PlyCount "98"]
[EventDate "2023.07.16"]

1. e4 c5 2. c3 d5 3. exd5 Qxd5 4. Nf3 Nf6 5. d4 Bg4 6. Be2 e6 7. O-O Be7 8. h3 Bh5 9. dxc5 Qxd1 10. Rxd1 Bxc5 11. g4 Bg6 12. Bb5+ Nc6 13. Ne5 Rc8 14. b4 Bb6 15. c4 O-O 16. Bxc6 bxc6 17. c5 Bd8 18. a3 Nd5 19. Nd2 f6 20. Nxg6 hxg6 21. Nc4 Bc7 22. Rd3 Kf7 23. Bd2 a6 24. Rb1 g5 25. Rf3 Ke7 26. Re1 Rh8 27. a4 Rb8 28. Rb3 Rb7 29. Ne3 Nxe3 30. Rbxe3 Be5 31. Kg2 Rd7 32. Bc1 Kf7 33. Re4 Kg6 34. Be3 Rd5 35. Rb1 f5 36. gxf5+ exf5 37. Rc4 Rd3 38. Kf1 Rxh3 39. Ke2 Ra3 40. b5 axb5 41. axb5 f4 42. Bd2 f3+ 43. Kd1 Rh1+ 44. Be1 cxb5 45. Rcb4 Ra2 46. Re4 Kf5 47. Re3 Bf4 48. Rbb3 Bxe3 49. Rxe3 Ra1+ 0-1

[Event "SERBIA OPEN 2023 - MASTERS"]
[Site "Belgrade,Metropol Palace hotel"]
[Date "2023.07.20"]
[Round "5.51"]
[White "Valiyev, Shahin"]
[Black "Divitt, Arora"]
[Result "1-0"]
[WhiteElo "2220"]
[BlackElo "1682"]
[PlyCount "105"]
[EventDate "2023.07.16"]

1. e4 e5 2. Nf3 Nc6 3. Bb5 a6 4. Ba4 Nf6 5. O-O Be7 6. Re1 b5 7. Bb3 d6 8. c3 O-O 9. h3 Na5 10. Bc2 c5 11. d4 Qc7 12. Nbd2 cxd4 13. cxd4 Nc6 14. a3 Bd7 15. d5 Na5 16. b3 Rfc8 17. Ra2 Nb7 18. b4 Nd8 19. Nb3 Ne8 20. Nh2 g6 21. Qf3 Ng7 22. Ng4 Bxg4 23. hxg4 Nb7 24. Bd2 Qd8 25. Qe3 Qd7 26. Qe2 Bd8 27. Rea1 h5 28. g5 Qg4 29. Qxg4 hxg4 30. g3 Bb6 31. Bd3 Ne8 32. a4 Nc7 33. axb5 axb5 34. Rxa8 Rxa8 35. Rxa8+ Nxa8 36. Bxb5 Nc7 37. Be2 Kf8 38. Bxg4 Ke7 39. Kf1 Nb5 40. Be2 Nc7 41. Bc4 Ne8 42. Bb5 Nc7 43. Ba4 Kd8 44. Ke2 Kc8 45. f4 exf4 46. gxf4 Na6 47. Be8 Nd8 48. f5 Nc7 49. Bxf7 Nxf7 50. fxg6 Kd7 51. gxf7 Ke7 52. g6 Kf8 53. Bh6+ 1-0

[Event "SERBIA OPEN 2023 - MASTERS"]
[Site "Belgrade,Metropol Palace hotel"]
[Date "2023.07.20"]
[Round "5.52"]
[White "Orujov, Hasan"]
[Black "Akhmedov, David"]
[Result "0-1"]
[WhiteElo "1498"]
[BlackElo "2213"]
[PlyCount "66"]
[EventDate "2023.07.16"]

1. d4 Nf6 2. c4 e6 3. g3 d5 4. Nf3 Bb4+ 5. Bd2 a5 6. Bg2 O-O 7. a3 Be7 8. O-O dxc4 9. Qa4 c6 10. Qxc4 b5 11. Qc2 Bb7 12. Rd1 Nbd7 13. Nc3 Qb6 14. h3 b4 15. axb4 axb4 16. Na4 Qb5 17. Qb3 Ra5 18. Bf1 Rfa8 19. e4 Qh5 20. Bxb4 Bxb4 21. Qxb4 Qxf3 22. Bg2 Qh5 23. Qxb7 Qb5 24. Qc7 Rxa4 25. Rac1 Nf8 26. Rxc6 Qe2 27. Rf1 Rxd4 28. Rc2 Rd2 29. Rxd2 Qxd2 30. Rb1 Ra2 31. Qc3 Qxc3 32. bxc3 Rc2 33. Rb3 e5 0-1

[Event "SERBIA OPEN 2023 - MASTERS"]
[Site "Belgrade,Metropol Palace hotel"]
[Date "2023.07.20"]
[Round "5.53"]
[White "Seemann, Jakub"]
[Black "Masic, Predrag"]
[Result "1/2-1/2"]
[WhiteElo "2430"]
[BlackElo "2196"]
[PlyCount "98"]
[EventDate "2023.07.16"]

1. d4 d6 2. Nf3 Nc6 3. e4 Nf6 4. Nc3 Bg4 5. d5 Nb8 6. h3 Bxf3 7. Qxf3 g6 8. Be2 Bg7 9. g4 c6 10. h4 h5 11. g5 Nfd7 12. Bd2 Nb6 13. O-O-O N8d7 14. Qh3 Ne5 15. Qf1 cxd5 16. Nxd5 Nxd5 17. exd5 O-O 18. Bc3 Rc8 19. Rh3 Qc7 20. Kb1 a6 21. f4 Nd7 22. f5 Be5 23. Qg2 b5 24. a3 Kg7 25. Qe4 Nc5 26. Bxe5+ dxe5 27. Qf3 Qd6 28. Qf2 Nd7 29. Rf3 Qc5 30. Qxc5 Nxc5 31. f6+ exf6 32. Rxf6 Rfd8 33. Bf1 Rc7 34. Rb6 Rb7 35. Rc6 Ne4 36. Rxa6 Nd6 37. a4 bxa4 38. Rxa4 e4 39. Bg2 Re7 40. Re1 f5 41. gxf6+ Kxf6 42. Bxe4 Kg7 43. Re2 Rde8 44. Bxg6 Rxe2 45. Bxe8 Rxe8 46. c4 Rc8 47. b3 Kf6 48. Kc2 Ke5 49. Ra7 Nxc4 1/2-1/2

[Event "SERBIA OPEN 2023 - MASTERS"]
[Site "Belgrade,Metropol Palace hotel"]
[Date "2023.07.20"]
[Round "5.54"]
[White "Pogorelskikh, Sofia"]
[Black "Perunovic, Miodrag"]
[Result "0-1"]
[WhiteElo "2211"]
[BlackElo "2405"]
[PlyCount "92"]
[EventDate "2023.07.16"]

1. e4 e5 2. Nf3 Nc6 3. Bb5 a6 4. Ba4 Nf6 5. O-O Be7 6. Re1 b5 7. Bb3 d6 8. c3 O-O 9. h3 Na5 10. Bc2 c5 11. d4 Qc7 12. Nbd2 Nc6 13. d5 Nd8 14. b3 Ne8 15. a4 Rb8 16. Nf1 g6 17. Bh6 Ng7 18. Qd2 f6 19. N3h2 Nf7 20. Be3 f5 21. f3 f4 22. Bf2 h5 23. Reb1 g5 24. Bd1 Nh6 25. Be2 Rf6 26. axb5 axb5 27. Qd1 Rg6 28. Nd2 Ne8 29. b4 g4 30. fxg4 hxg4 31. Nxg4 Nxg4 32. Bxg4 Bxg4 33. hxg4 Nf6 34. g5 Rxg5 35. bxc5 Ng4 36. Qe2 Nxf2 37. Qxf2 dxc5 38. Ra6 Kg7 39. Nf3 Rh5 40. Rba1 Rb6 41. Kf1 b4 42. cxb4 Rh1+ 43. Ng1 Rxa6 44. Rxa6 cxb4 45. Rc6 Qa5 46. g4 f3 0-1

[Event "SERBIA OPEN 2023 - MASTERS"]
[Site "Belgrade,Metropol Palace hotel"]
[Date "2023.07.20"]
[Round "5.55"]
[White "Pogorelskikh, Sergey"]
[Black "Putrenko, Kirill"]
[Result "1/2-1/2"]
[WhiteElo "2196"]
[BlackElo "2385"]
[PlyCount "134"]
[EventDate "2023.07.16"]

1. e4 c5 2. Nf3 d6 3. d4 cxd4 4. Nxd4 Nf6 5. f3 e5 6. Nb3 d5 7. Bg5 d4 8. c3 Nc6 9. cxd4 Bb4+ 10. Bd2 Nxe4 11. Bxb4 Qh4+ 12. g3 Nxg3 13. hxg3 Qxh1 14. Bc5 Bh3 15. N1d2 O-O-O 16. Qc2 Bxf1 17. O-O-O Qh6 18. Rxf1 b6 19. Ba3 exd4 20. Qf5+ Kb8 21. Qxf7 Ne5 22. Qf4 Qxf4 23. gxf4 Nd3+ 24. Kc2 Nxf4 25. Ne4 Ne6 26. Bd6+ Kb7 27. Kd3 Rd7 28. Nbd2 Rhd8 29. Bg3 g5 30. Rh1 Rf8 31. Rh5 a5 32. Rh6 Nc5+ 33. Nxc5+ bxc5 34. Bd6 Rf5 35. Kc4 d3 36. Ne4 Kc8 37. Kxd3 Rxf3+ 38. Kc4 Rg7 39. Nxc5 Rg6 40. Rxg6 hxg6 41. Ne4 g4 42. b3 Kd7 43. Bg3 Kc6 44. Bf2 Rf4 45. Kd4 Kb5 46. Be1 a4 47. bxa4+ Kxa4 48. Bg3 Rf3 49. Bd6 Rf1 50. Nc3+ Ka5 51. Bc7+ Ka6 52. a4 Rc1 53. Kd3 Ra1 54. Ke2 Rc1 55. Kd2 Ra1 56. Ke2 Rg1 57. Ne4 Rc1 58. Bd8 Rc8 59. Bf6 Ka5 60. Kf2 Rc4 61. Bd8+ Kxa4 62. Nf6 Rc8 63. Be7 Rc7 64. Bd8 Rc8 65. Be7 Rc4 66. Kg3 Kb5 67. Nxg4 Re4 1/2-1/2

[Event "SERBIA OPEN 2023 - MASTERS"]
[Site "Belgrade,Metropol Palace hotel"]
[Date "2023.07.20"]
[Round "5.56"]
[White "Mehmed, Elif"]
[Black "Geivondian, Arman"]
[Result "1/2-1/2"]
[WhiteElo "2196"]
[BlackElo "2356"]
[PlyCount "135"]
[EventDate "2023.07.16"]

1. e4 e5 2. Nf3 Nc6 3. Bb5 a6 4. Ba4 Bc5 5. O-O d6 6. c3 Bg4 7. h3 h5 8. d3 Qf6 9. Be3 Bxf3 10. Qxf3 Qxf3 11. gxf3 b5 12. Bb3 Nge7 13. f4 f6 14. f5 O-O-O 15. Nd2 Kb7 16. Be6 Bb6 17. Bxb6 Kxb6 18. f4 g6 19. Nf3 exf4 20. fxg6 Nxg6 21. d4 Rde8 22. Bf5 Nce7 23. Rae1 Nxf5 24. exf5 Ne7 25. Nh4 Rhg8+ 26. Kh2 Nd5 27. Re6 Rxe6 28. fxe6 Re8 29. Re1 Ne3 30. Ng2 Rxe6 31. Nxf4 Ng4+ 32. hxg4 Rxe1 33. gxh5 Re8 34. Ng6 Rg8 35. Kg3 Rg7 36. Kg4 Rh7 37. Nf4 c5 38. Kf5 b4 39. d5 bxc3 40. bxc3 Kb5 41. Ke6 Rg7 42. Kxd6 Rg4 43. Kc7 Rg7+ 44. Kd8 c4 45. Ke8 f5 46. a4+ Kb6 47. Kf8 Rg4 48. Ne6 Rh4 49. d6 Kc6 50. Ke7 Rxh5 51. Nd8+ Kc5 52. Nf7 f4 53. d7 Rd5 54. Ng5 Kb6 55. d8=Q+ Rxd8 56. Kxd8 Ka5 57. Kc7 Kxa4 58. Kb6 Kb3 59. Ne4 Kc2 60. Kxa6 Kd3 61. Nf2+ Kxc3 62. Kb5 Kd4 63. Kb4 f3 64. Ng4 c3 65. Kb3 Kd3 66. Ne5+ Ke2 67. Nxf3 Kxf3 68. Kxc3 1/2-1/2

[Event "SERBIA OPEN 2023 - MASTERS"]
[Site "Belgrade,Metropol Palace hotel"]
[Date "2023.07.20"]
[Round "5.57"]
[White "Giannoulakis, Lampros"]
[Black "Karamsetty, Jeevan"]
[Result "0-1"]
[WhiteElo "2354"]
[BlackElo "2185"]
[PlyCount "80"]
[EventDate "2023.07.16"]

1. d4 d6 2. e4 Nf6 3. Nc3 e5 4. Nf3 Nbd7 5. Bc4 Be7 6. O-O O-O 7. Re1 a6 8. a4 b6 9. b3 Bb7 10. Bb2 c6 11. Bd3 g6 12. Qd2 Qc7 13. Rad1 Rfe8 14. Ne2 exd4 15. Ng3 c5 16. c3 dxc3 17. Bxc3 Ng4 18. Qf4 Nge5 19. Ng5 Bxg5 20. Qxg5 f6 21. Qh4 Nxd3 22. Rxd3 Re6 23. Nf5 gxf5 24. Rh3 Re7 25. exf5 Rf7 26. Qh6 Raf8 27. Ree3 d5 28. Rh4 d4 29. Rg3+ Kh8 30. Bd2 Ne5 31. Qh5 Qe7 32. f4 Nd7 33. Rg6 Bd5 34. Rhg4 Be4 35. Rg3 b5 36. Qg4 hxg6 37. fxg6 Bxg6 38. Qxg6 Rh7 39. a5 c4 40. Qf5 c3 0-1

[Event "SERBIA OPEN 2023 - MASTERS"]
[Site "Belgrade,Metropol Palace hotel"]
[Date "2023.07.20"]
[Round "5.58"]
[White "Mandura, Tijana"]
[Black "Marn, Jan"]
[Result "1/2-1/2"]
[WhiteElo "2174"]
[BlackElo "2345"]
[PlyCount "81"]
[EventDate "2023.07.16"]

1. e4 e5 2. Nf3 Nc6 3. Nc3 Nf6 4. Be2 d5 5. exd5 Nxd5 6. Bb5 Nxc3 7. bxc3 Bd6 8. O-O O-O 9. Re1 Bg4 10. h3 Bh5 11. g4 Bg6 12. Bxc6 bxc6 13. Nxe5 f5 14. d3 Qh4 15. Bf4 fxg4 16. Bg3 Qxh3 17. Qxg4 Qxg4 18. Nxg4 Rab8 19. Rab1 Rxb1 20. Rxb1 Rf5 21. Ne3 Ra5 22. Rb2 Bxg3 23. fxg3 h5 24. Rb8+ Kh7 25. Rb7 Rxa2 26. Rxc7 a5 27. Rxc6 Be8 28. Ra6 a4 29. c4 a3 30. c5 Ra1+ 31. Kf2 Ra2 32. d4 g5 33. d5 h4 34. gxh4 gxh4 35. c6 h3 36. Ng4 Kg7 37. Ra7+ Kf8 38. Nf6 h2 39. Nh7+ Kg8 40. Nf6+ Kf8 41. Nh7+ 1/2-1/2

[Event "SERBIA OPEN 2023 - MASTERS"]
[Site "Belgrade,Metropol Palace hotel"]
[Date "2023.07.20"]
[Round "5.59"]
[White "Lopez Rayo, Santiago"]
[Black "Kairbekova, Amina"]
[Result "0-1"]
[WhiteElo "2336"]
[BlackElo "2173"]
[PlyCount "98"]
[EventDate "2023.07.16"]

1. e4 c5 2. Nf3 e6 3. d4 cxd4 4. Nxd4 Nf6 5. Nc3 Nc6 6. Ndb5 Bc5 7. Bf4 O-O 8. Bc7 Qe7 9. Bd6 Bxd6 10. Qxd6 Qd8 11. O-O-O a6 12. Nd4 Ne7 13. g4 b5 14. h4 Bb7 15. f3 Ne8 16. Qh2 b4 17. Nce2 Qb8 18. Nb3 d6 19. g5 a5 20. h5 a4 21. Nbd4 a3 22. b3 e5 23. Nf5 Nxf5 24. exf5 Bxf3 25. g6 h6 26. Bg2 Bxg2 27. Qxg2 f6 28. Rh4 Ra5 29. Ng3 Nc7 30. Qd2 Nd5 31. Ne2 Rc8 32. Rc4 Rac5 33. Qd3 Kf8 34. Kb1 Rxc4 35. Qxd5 R4c7 36. Qxd6+ Re7 37. Qd2 Qc7 38. Rc1 Qb6 39. Rd1 Rec7 40. Rc1 Qc5 41. Qd3 Qc6 42. Qd2 Qe4 43. Ka1 Ke8 44. Kb1 Qxf5 45. Qd5 Rxc2 46. Qf7+ Kd8 47. Qg8+ Ke7 48. Qxg7+ Kd6 49. Rxc2 Qxc2+ 0-1

[Event "SERBIA OPEN 2023 - MASTERS"]
[Site "Belgrade,Metropol Palace hotel"]
[Date "2023.07.20"]
[Round "5.60"]
[White "Eric, Jovana"]
[Black "Aashman, Gupta"]
[Result "1/2-1/2"]
[WhiteElo "2155"]
[BlackElo "1905"]
[PlyCount "58"]
[EventDate "2023.07.16"]

1. e4 e5 2. Nf3 Nc6 3. Bc4 Nf6 4. d3 Be7 5. Nc3 O-O 6. a4 d6 7. h3 Na5 8. Ba2 c5 9. O-O h6 10. Bd2 Nc6 11. Nd5 Nxd5 12. Bxd5 Be6 13. Bxe6 fxe6 14. c3 Qe8 15. Nh2 Qg6 16. Qe2 Rf7 17. Ng4 Raf8 18. Ne3 Bh4 19. g3 Bg5 20. Ng2 Bxd2 21. Qxd2 Qh5 22. Kh2 Rf3 23. Nh4 R3f6 24. Rae1 Qf7 25. Kg1 g5 26. Ng2 Rf3 27. Re3 Rf6 28. Ree1 Rf3 29. Re3 Rf6 1/2-1/2

[Event "SERBIA OPEN 2023 - MASTERS"]
[Site "Belgrade,Metropol Palace hotel"]
[Date "2023.07.20"]
[Round "5.61"]
[White "Eldho, Skaria"]
[Black "Devnani, Kush"]
[Result "1/2-1/2"]
[WhiteElo "1945"]
[BlackElo "2155"]
[PlyCount "111"]
[EventDate "2023.07.16"]

1. e4 c5 2. Nf3 d6 3. d4 cxd4 4. Nxd4 Nf6 5. Nc3 a6 6. Rg1 e5 7. Nb3 h5 8. Bg5 Be6 9. Qd2 Nbd7 10. O-O-O Be7 11. f4 Rc8 12. g3 b5 13. Kb1 O-O 14. Be2 b4 15. Nd5 Nxd5 16. exd5 Bf5 17. Bd3 Bxd3 18. Qxd3 Bxg5 19. fxg5 Qxg5 20. g4 h4 21. Qxa6 Qg6 22. Qd3 Qxd3 23. Rxd3 Nb6 24. Na5 Rc7 25. Rgd1 f5 26. gxf5 Rxf5 27. Kc1 e4 28. Re3 Nxd5 29. Rxe4 Nf6 30. Rc4 Rcc5 31. Rxc5 dxc5 32. Nb7 h3 33. a4 bxa3 34. bxa3 Ng4 35. a4 Nxh2 36. a5 Nf1 37. a6 h2 38. Rd8+ Kh7 39. a7 h1=Q 40. a8=Q Qh6+ 41. Kb2 Qf6+ 42. Ka2 Qe6+ 43. Kb2 Rf4 44. Nd6 Rb4+ 45. Ka3 Qe3+ 46. Ka2 Kg6 47. Qa6 Qe6+ 48. Ka3 Qe3+ 49. Ka2 Qe6+ 50. Ka3 Rd4 51. Qxf1 Qe3+ 52. Ka2 Ra4+ 53. Kb1 Rb4+ 54. Ka2 Ra4+ 55. Kb1 Rb4+ 56. Ka2 1/2-1/2

[Event "SERBIA OPEN 2023 - MASTERS"]
[Site "Belgrade,Metropol Palace hotel"]
[Date "2023.07.20"]
[Round "5.62"]
[White "Zherebtsova, Alexandra"]
[Black "Dakic, Marta"]
[Result "1/2-1/2"]
[WhiteElo "2152"]
[BlackElo "1884"]
[PlyCount "80"]
[EventDate "2023.07.16"]

1. e4 e5 2. Bc4 Nf6 3. d3 c6 4. Nf3 d5 5. Bb3 Bd6 6. O-O O-O 7. Bg5 d4 8. Nbd2 Nbd7 9. c3 c5 10. Nc4 Bc7 11. a4 a5 12. Rc1 Re8 13. Qc2 h6 14. Bd2 Nb8 15. cxd4 cxd4 16. Ncxe5 Bxe5 17. Nxe5 Be6 18. Bxe6 Rxe6 19. Qc8 Nbd7 20. Qxd8+ Rxd8 21. Nxd7 Nxd7 22. f4 b6 23. Rc4 Nc5 24. f5 Ree8 25. Bxa5 Nxd3 26. Bxb6 Rd6 27. Bxd4 Rxe4 28. Rc8+ Kh7 29. Bc3 Rxa4 30. Rc7 Kg8 31. Rd1 Rd5 32. Rc8+ Kh7 33. Rf8 Rxf5 34. b3 Raf4 35. g3 Rf3 36. Bd4 Nb4 37. Rb1 Rd3 38. Bf2 Rdf3 39. Bd4 Rd3 40. Bf2 Rdf3 1/2-1/2

[Event "SERBIA OPEN 2023 - MASTERS"]
[Site "Belgrade,Metropol Palace hotel"]
[Date "2023.07.20"]
[Round "5.63"]
[White "Kostic, Branimir"]
[Black "Enkhbolor, Nyamdavaa"]
[Result "0-1"]
[WhiteElo "2134"]
[BlackElo "1745"]
[PlyCount "68"]
[EventDate "2023.07.16"]

1. d4 Nf6 2. c4 g6 3. Nc3 d5 4. cxd5 Nxd5 5. e4 Nxc3 6. bxc3 Bg7 7. Be3 c5 8. Nf3 O-O 9. Qd2 Qa5 10. Rc1 Rd8 11. Be2 Bg4 12. d5 e6 13. h3 Bxf3 14. Bxf3 exd5 15. exd5 Nd7 16. c4 Qxd2+ 17. Kxd2 Ne5 18. Be2 b6 19. Kc2 f5 20. a4 Nf7 21. g4 Nd6 22. Bd3 Rf8 23. Rce1 Rae8 24. Bf4 Ne4 25. gxf5 Nxf2 26. Rxe8 Rxe8 27. Rf1 Nxd3 28. Kxd3 gxf5 29. Bc7 Rf8 30. a5 bxa5 31. Bxa5 Rf7 32. Re1 Kf8 33. Re6 Bd4 34. Bc7 Rxc7 0-1

[Event "SERBIA OPEN 2023 - MASTERS"]
[Site "Belgrade,Metropol Palace hotel"]
[Date "2023.07.20"]
[Round "5.64"]
[White "Omarsson, Adam"]
[Black "Stanojevic, Ilija"]
[Result "0-1"]
[WhiteElo "1843"]
[BlackElo "2133"]
[PlyCount "82"]
[EventDate "2023.07.16"]

1. d4 Nf6 2. c4 e6 3. Nc3 Bb4 4. f3 c5 5. d5 b5 6. e4 O-O 7. Bd2 bxc4 8. Bxc4 Bb7 9. Nge2 Bxc3 10. Bxc3 Nxd5 11. Bxd5 exd5 12. exd5 Qg5 13. h4 Qe3 14. Qd2 Qxd2+ 15. Kxd2 Bxd5 16. Nf4 Be6 17. g4 Nc6 18. Nh5 f6 19. g5 d5 20. Ke2 d4 21. Bd2 fxg5 22. hxg5 Ne5 23. Nf4 Bc4+ 24. Kf2 Rf5 25. b3 Ba6 26. Rh4 Raf8 27. Rah1 Rxg5 28. Rxh7 Rxf4 29. Bxf4 Nd3+ 30. Ke2 Nxf4+ 31. Kd1 Rg2 32. Rh8+ Kf7 33. Ra8 Be2+ 34. Kc1 a6 35. Rhh8 Kg6 36. Ra7 Bxf3 37. Rxa6+ Kf5 38. Ra7 Ke4 39. Re7+ Kd3 40. Re1 Ne2+ 41. Kb1 Nc3+ 0-1

[Event "SERBIA OPEN 2023 - MASTERS"]
[Site "Belgrade,Metropol Palace hotel"]
[Date "2023.07.20"]
[Round "5.65"]
[White "Tregubenko, Nikolay"]
[Black "Shadyev, Damir"]
[Result "1/2-1/2"]
[WhiteElo "2130"]
[BlackElo "1741"]
[PlyCount "67"]
[EventDate "2023.07.16"]

1. e4 c5 2. Nf3 e6 3. d4 cxd4 4. Nxd4 a6 5. Nc3 Qc7 6. Be3 b5 7. Bd3 Nf6 8. Qf3 Bb7 9. g4 b4 10. Nce2 d5 11. Ng3 Qe5 12. Qe2 dxe4 13. Bc4 Be7 14. O-O-O O-O 15. Nh5 Nxh5 16. gxh5 Bf6 17. h6 g6 18. Qg4 Nc6 19. Bf4 Qc5 20. Nxc6 Qxc6 21. Bb3 Rac8 22. Bg5 Be5 23. Qh4 Qc7 24. Rhe1 Bd5 25. Re2 f6 26. Be3 Rfd8 27. Red2 Qc6 28. Qg4 a5 29. Bf4 f5 30. Qh4 Bxf4 31. Qxf4 a4 32. Qe5 Rd7 33. Bxd5 exd5 34. Kb1 1/2-1/2

[Event "SERBIA OPEN 2023 - MASTERS"]
[Site "Belgrade,Metropol Palace hotel"]
[Date "2023.07.20"]
[Round "5.66"]
[White "Wen, Tommy"]
[Black "Jandric, Damjan"]
[Result "1-0"]
[WhiteElo "2406"]
[BlackElo "2113"]
[PlyCount "79"]
[EventDate "2023.07.16"]

1. d4 Nf6 2. c4 g6 3. Nc3 Bg7 4. e4 d6 5. h3 O-O 6. Be3 e5 7. d5 Na6 8. g4 Nc5 9. f3 h5 10. Qd2 Nh7 11. O-O-O h4 12. Nge2 Bd7 13. Kb1 a6 14. Nc1 Na4 15. Nd3 Qf6 16. Nxa4 Bxa4 17. Rc1 c5 18. dxc6 Bxc6 19. g5 Qe7 20. Nb4 Rfc8 21. Be2 a5 22. Nd5 Bxd5 23. cxd5 Qd7 24. Rxc8+ Qxc8 25. Qe1 a4 26. a3 Bf8 27. Qxh4 Be7 28. Qg3 b5 29. Bd2 b4 30. Bxb4 Nxg5 31. h4 Nh7 32. h5 g5 33. Rc1 Qb7 34. Qg4 Qb6 35. Qg1 Qb7 36. Rc6 Rb8 37. Qc1 Kf8 38. Bxd6 Bxd6 39. Rxd6 Qb3 40. Rc6 1-0

[Event "SERBIA OPEN 2023 - MASTERS"]
[Site "Belgrade,Metropol Palace hotel"]
[Date "2023.07.20"]
[Round "5.67"]
[White "Arsovic, Zoran"]
[Black "Oktem, Ege Tuna"]
[Result "1/2-1/2"]
[WhiteElo "2393"]
[BlackElo "2112"]
[PlyCount "92"]
[EventDate "2023.07.16"]

1. Nf3 d5 2. g3 Nf6 3. Bg2 g6 4. c4 c6 5. b3 Bg7 6. Bb2 O-O 7. O-O Bg4 8. d3 Bxf3 9. Bxf3 Re8 10. Nd2 Nbd7 11. Rc1 e5 12. cxd5 cxd5 13. Bg2 Nb6 14. e4 d4 15. Bh3 h5 16. Ba3 Bh6 17. Rc2 a5 18. Nc4 Nxc4 19. Rxc4 b5 20. Rc6 Nh7 21. Bc1 Ng5 22. Bg2 Qd7 23. Rc2 Kg7 24. f4 Nh3+ 25. Kh1 exf4 26. gxf4 Qg4 27. f5 Qxd1 28. Rxd1 Nf4 29. fxg6 Nxg6 30. Bb2 Be3 31. Bh3 Ra7 32. Rc5 Re5 33. Rc8 Rg5 34. Bf5 Ne7 35. Rc5 Nxf5 36. exf5 a4 37. b4 Rb7 38. Rf1 Rb6 39. h3 Kf6 40. Kh2 h4 41. Rf3 Bg1+ 42. Kh1 a3 43. Bc1 Be3 44. Bxe3 dxe3 45. Rxe3 Rxf5 46. Kg2 Rd6 1/2-1/2

[Event "SERBIA OPEN 2023 - MASTERS"]
[Site "Belgrade,Metropol Palace hotel"]
[Date "2023.07.20"]
[Round "5.68"]
[White "Damjanovic, Vuk"]
[Black "Abdinova, Narmin"]
[Result "1-0"]
[WhiteElo "2376"]
[BlackElo "2110"]
[PlyCount "95"]
[EventDate "2023.07.16"]

1. b3 e5 2. Bb2 Nc6 3. c4 Nf6 4. Nf3 e4 5. Nd4 Nxd4 6. Bxd4 b6 7. g3 Bb7 8. Bg2 Be7 9. O-O d5 10. d3 c5 11. Bb2 O-O 12. cxd5 Bxd5 13. Nc3 e3 14. fxe3 Bxg2 15. Kxg2 Ng4 16. Rf3 Ne5 17. Rf5 Ng4 18. Qg1 Bg5 19. Nd1 g6 20. Rf3 Qe7 21. h3 Ne5 22. Rf1 f5 23. Nc3 Rae8 24. e4 Qb7 25. Kh1 Nc6 26. g4 fxe4 27. Nxe4 Nb4 28. Rxf8+ Rxf8 29. Rf1 Rxf1 30. Qxf1 Bd8 31. Qf3 Qf7 32. Bf6 Bxf6 33. Nxf6+ Kg7 34. g5 Nxa2 35. Qa8 Nc1 36. Ne8+ Kh8 37. Nd6+ Qg8 38. Qe4 Qxb3 39. Qe8+ Kg7 40. Qe7+ Kg8 41. Kg2 Qa2 42. Kf1 a5 43. Qe3 a4 44. Qxc1 a3 45. Nc4 b5 46. Nxa3 Qf7+ 47. Ke1 b4 48. Nc4 1-0